Poetas líricos del siglo XVIII
Uloženo v:
| Médium: | Kniha |
|---|---|
| Jazyk: | španělština |
| Vydáno: |
Zaragoza
Ebro
1980
|
| Vydání: | 6a. ed |
| Edice: | Biblioteca Clásica Ebro. Clásicos Españoles, 33-34
|
| Témata: | |
| Tagy: |
Přidat tag
Žádné tagy, Buďte první, kdo vytvoří štítek k tomuto záznamu!
|
MARC
| LEADER | 00000nam a2200000 a 4500 | ||
|---|---|---|---|
| 001 | UCQ1999 | ||
| 003 | CL-VaPUC | ||
| 008 | 980721e19800000SP |||||||||||||||||spa|d | ||
| 082 | 0 | 4 | |a 861 |b POE |2 21 |
| 245 | 1 | 0 | |a Poetas líricos del siglo XVIII |
| 250 | |a 6a. ed | ||
| 300 | |a 2 v | ||
| 942 | |c BK | ||
| 945 | |d 19980721 00:00:00 |a lriquelm | ||
| 260 | |a Zaragoza |b Ebro |c 1980 | ||
| 650 | 0 | |a Poesías españolas |9 265100 | |
| 650 | 7 | |a LITERATURA ESPAÑOLA SIGLO 18 |2 CL-VaPUC |9 353543 | |
| 583 | |a last modification |c 20160826 10:50:04 |k Rodrigo Vera | ||
| 490 | 0 | |a Biblioteca Clásica Ebro. Clásicos Españoles, 33-34 | |
| 999 | |c 272842 |d 272840 | ||
| 952 | |0 0 |1 0 |4 0 |6 861_000000000000000_POE_1980 |7 0 |8 A |9 308028 |a BIBEDU |b BIBEDU |d 2019-11-20 |h v.1 |i 1440012 |o 861 POE 1980 |p 1440012 |r 2019-11-20 |w 2019-11-20 |y BK |k LIT | ||